Biblioteca

La era de la información: Fin de milenio / Manuel Castells ; Carmen Martínez Gimeno, Jesús Alborés,Traductores (Registro nro. 43246)

Detalles MARC
000 -LÍDER
Campo fijo de descripción fija 008330000a22001690004500
001 - NÚMERO DE CONTROL
Campo de control 14374
020 ## - NÚMERO INTERNACIONAL NORMALIZADO PARA LIBROS
Número Internacional Normalizado del libro 84-206-7720-5
041 0# - CÓDIGO DE IDIOMA
Código de idioma para texto/pista de sonido o título separado
082 04 - NÚMERO DE CLASIFICACIÓN DECIMAL DEWEY
Número de clasificación R 303.483 C3489g
100 1# - ASIENTO PRINCIPAL--NOMBRE PERSONAL
Nombre personal Castells, Manuel
245 10 - TÍTULO
Título del Material La era de la información: Fin de milenio / Manuel Castells ; Carmen Martínez Gimeno, Jesús Alborés,Traductores
250 ## - MENCIÓN DE EDICIÓN
Mención de edición 4
260 ## - PUBLICACIÓN, DISTRIBUCIÓN, ETC. (PIE DE IMPRENTA)
Lugar de publicación, distribución, etc. Madrid : Alianza Editorial
300 ## - DESCRIPCIÓN FÍSICA
Extensión 486 Pág.
505 00 - NOTA DE CONTENIDO
Nota de contenido con formato preestablecido - La crisis del estatismo industrial y el colapso de la Unión Soviética - El Cuarto Mundo: capitalismo informacional, pobreza y exclusión social - La conexión perversa: la economía criminal global - Desarrollo y crisis en el Pacífico asíatico: la globalización y el Estado - La unificación de Europa: globalización, identidad y el Estado red - Conclusión: Entender nuestro mundo
942 ## - TIPO DE MATERIAL (KOHA)
Tipo de Item KOHA Libros General
Existencias
Estado de Material Estado de Perdido Forma de Clasificación Estado de Dañado No para Préstamo Colección Tomo Biblioteca de Origen Biblioteca Permanente Fecha de Adquisición Total de Préstamos Signatura Topográfica Código de Barras Última vez visto Ejemplar/Existencia Fecha de Remplazo Tipo de Material
    Dewey Decimal Classification     Colección de Referencia   Biblioteca FUSBC Biblioteca FUSBC 12/06/2007   R 303.483 C3489g 16434 14/05/2024 Vol.3,ej.1 26/01/2016 Libros de Referencia

Biblioteca FUSBC | Teléfono: (57+4) 349 88 10 Ext. 141| WhatsApp (+57) 3005338115 
E-mail: biblioteca@unisbc.edu.co | Calle 76 87-14 Robledo Palenque, Medellín, Colombia

Con tecnología Koha